Statistics for NBA Greatest Left-Handed Players in NBA History

Click here to take the quiz!

General Stats

  • This quiz has been taken 31 times
  • The average score is 9 of 15

Answer Stats

RankPosKnown TeamAnswer% Correct
2CSan Antonio SpursDavid Robinson
93%
4SGHouston RocketsJames Harden
93%
1CBoston CelticsBill Russell
89%
14SGSan Antonio SpursManu Ginobili
86%
8PFToronto Raptors/MIami HeatChris Bosh
82%
3CNew York KnicksWillis Reed
68%
5PGKansas City KingsNate Archibald
57%
12SFGolden State WarriorsChris Mullin
57%
13CBoston CelticsDave Cowens
57%
6CChicago Bulls/San Antonio SpursArtis Gilmore
54%
7CDetroit PistonsBob Lanier
54%
15PGBoston CelticsIsaiah Thomas
46%
10SGLos Angeles LakersGail Goodrich
39%
9PGSt. Louis Hawks/Seattle S.SonicsLenny Wilkens
29%
11PFPhiladelphia 76ersBilly Cunningham
21%

Score Distribution

Percentile by Number Answered

Percent of People with Each Score

Your Score History

You have not taken this quiz